000 01285cam a22002653a 4500
001 20049
003 PGUSA
005 20140828083426.0
008 061208s2006||||xxu|||||s|||||000 1 eng d
040 _aPGUSA
_beng
042 _adc
050 4 _aPZ
100 1 _aPotter, Beatrix,
_d1866-1943
245 1 0 _aGreat Big Treasury of Beatrix Potter
_h[electronic resource] /
_cBeatrix Potter
260 _bProject Gutenberg,
_c2006
505 0 _aThe tale of Peter Rabbit -- The tailor of Gloucester -- The tale of Squirrel Nutkin -- The tale of Benjamin Bunny -- The tale two bad mice -- The tale of Mrs. Tiggy-Winkle -- The pie and the patty-pan -- The tale of Mr. Jeremy Fisher -- The story of a fierce bad rabbit -- The story of Miss Moppet -- The tale of Tom Kitten -- The tale of Jemima Puddle-Duck -- The roly-poly pudding -- The tale of the Flopsy bunnies -- The tale of Mrs. Tittlemouse -- The tale of Timmy Tiptoes -- The tale of Mr. Tod -- The tale of Pigling Bland -- Ginger and Pickles.
506 _aPublic domain in the USA.
516 _aElectronic text
653 _aChildren's stories, English
653 _aShort stories
653 _aAnimals -- Fiction
830 0 _aProject Gutenberg
_v20049
856 4 0 _uhttp://www.gutenberg.org/ebooks/20049
942 _cEB
999 _c249304
_d249304